000 00353nam a22001457a 4500
003 OSt
020 _a9788198019639
100 _aTHAHIYA, Vivek Kumar
245 _aIntroduction to Civil Engineering
260 _aNew Delhi,
_bNaples Indian:
_c2024.
300 _a386p.
650 _aFaculty Publication
700 _aBalraj Singh
942 _2ddc
_cBK
999 _c13152
_d13152